The Response of Labour Demand to Different COVID-19 Containment Measures: Evidence from Online Job Postings in Austria
Uložené v:
| Hlavný autor: | |
|---|---|
| Ďalší autori: | |
| Médium: | Kniha |
| Jazyk: | English |
| Vydavateľské údaje: |
Vienna
The Vienna Institute for International Economic Studies
2024
|
| Predmet: | |
| Tagy: |
Žiadne tagy, Buďte prvý, kto otaguje tento záznam!
|
MARC
| LEADER | 00000nlm a2200000 4500 | ||
|---|---|---|---|
| 001 | 0299986 | ||
| 005 | 20240416114218.9 | ||
| 041 | 0 | |a eng | |
| 044 | |a AT | ||
| 245 | 1 | 0 | |a The Response of Labour Demand to Different COVID-19 Containment Measures: Evidence from Online Job Postings in Austria |c Sandra M. Leitner and Oliver Reiter |
| 264 | 1 | |a Vienna |b The Vienna Institute for International Economic Studies |c 2024 | |
| 300 | |a 58 s. | ||
| 610 | 2 | 0 | |a trh práce |
| 610 | 2 | 0 | |a ponuka práce |
| 610 | 2 | 0 | |a dopyt po práci |
| 610 | 2 | 0 | |a pandémia |
| 610 | 2 | 0 | |a koronavírus |
| 100 | 1 | |a Leitner, Sandra M. | |
| 700 | 1 | |a Reiter, Oliver | |